000 00295nam a2200121Ia 4500
008 191201s2001 xx 000 0 und d
100 _aCOLLINS, Jim
245 0 _aGood to Great
260 _aN.Delhi
_bHasper Business, Newyork
_c2001
300 _a300
650 _aGeneral Books
942 _2ddc
_cBK
999 _c3361
_d3361